| 000 | 00565nam a22001697a 4500 | ||
|---|---|---|---|
| 005 | 20251108164339.0 | ||
| 008 | 250721s1995 xx 000 0 ara d | ||
| 082 | 1 | 4 | _a410/حلم |
| 100 | 1 | _aخليل، حلمي | |
| 245 | 1 | 0 |
_aالعربية و علم اللغة البنيوي : _bدراسة في الفكر اللغوي العربي الحديث / |
| 264 | 1 |
_aالإسكندرية : _bدار المعرفة الجامعية، _c1995. |
|
| 300 | _a259ص | ||
| 650 | 1 | 7 | _aاللغة العربية |
| 650 | 1 | 7 | _aاللغات |
| 942 |
_2ddc _cBK |
||
| 999 |
_c9906 _d9906 |
||